| 000 | 01367cam a2200361 i 4500 | ||
|---|---|---|---|
| 001 | ssj0000224859 | ||
| 003 | EG-ScBUE | ||
| 005 | 20240527102219.0 | ||
| 008 | 080816r20082007enk f b 001 0 eng d | ||
| 020 | _a9781845112943 | ||
| 040 |
_aCaPaEBR _beng _erda _cCaPaEBR _dWaSeSS _dEG-ScBUE |
||
| 043 |
_aa-sy--- _aa-le--- |
||
| 082 | 0 | 4 |
_222 _a956.91042 _bCHA |
| 100 | 1 |
_aChaitani, Youssef, _eauthor. _941432 |
|
| 245 | 1 | 0 |
_aPost-colonial Syria and Lebanon : _bthe decline of Arab nationalism and the triumph of the state / _cYoussef Chaitani. |
| 250 | _aReprint edition. | ||
| 264 | 1 |
_aLondon ; _aNew York : _bI. B. Tauris, _c2008. |
|
| 300 |
_axiv, 210 pages ; _c24 cm. |
||
| 336 |
_2rdacontent _atext _btxt |
||
| 337 |
_aunmediated _2rdamedia _bn |
||
| 338 |
_avolume _bnc _2rdacarrier |
||
| 490 | 1 |
_aLibrary of Middle East history ; _v11 |
|
| 504 | _aIncludes bibliographical references and index. | ||
| 651 | 7 |
_aSyria _xHistory _y20th century. _2BUEsh _941433 |
|
| 651 | 7 |
_aSyria _xPolitics and government _y20th century. _2BUEsh _941434 |
|
| 651 | 7 |
_aLebanon _xHistory _y1946- _2BUEsh _941435 |
|
| 651 | 7 |
_aLebanon _xPolitics and government _y1946- _2BUEsh _941436 |
|
| 651 | 7 |
_aSyria _xForeign relations _zLebanon. _2BUEsh _941438 |
|
| 651 | 7 |
_aLebanon _xForeign relations _zSyria. _2BUEsh |
|
| 653 |
_bBUSBOL _cOctober2016 |
||
| 655 | _vReading book | ||
| 942 |
_2ddc _cBB |
||
| 999 |
_c22510 _d22482 |
||